00354nam a22001097a 4500082001900000100003900019245009900058260004000157300001000197563000700207650003000214 a915.52044bMAN aDr. Muhammad Mushtaq Ahmad Mangat, aPhir chala musafir: Balochistan darya dil logon ka masken/cDr. Muhammad Mushtaq Ahmad Mangat, aLahore:bAasim publications;c2023. a264p. aHB aSafar nama, aBaluchistan